श्री गुरु नानक वाणी (Record no. 1467161)
[ view plain ]
| 000 -LEADER | |
|---|---|
| fixed length control field | 01259 a2200301 4500 |
| 003 - CONTROL NUMBER IDENTIFIER | |
| control field | OSt |
| 005 - DATE AND TIME OF LATEST TRANSACTION | |
| control field | 20260310103542.0 |
| 008 - FIXED-LENGTH DATA ELEMENTS--GENERAL INFORMATION | |
| fixed length control field | 260309b |||||||| |||| 00| 0 eng d |
| 020 ## - INTERNATIONAL STANDARD BOOK NUMBER | |
| International Standard Book Number | 9788194775225 (भाग 1) (hbk) |
| 020 ## - INTERNATIONAL STANDARD BOOK NUMBER | |
| International Standard Book Number | 9789390872107 (भाग 2 ) (hbk) |
| 020 ## - INTERNATIONAL STANDARD BOOK NUMBER | |
| International Standard Book Number | 9789390872107 |
| 037 ## - SOURCE OF ACQUISITION | |
| Terms of availability | REF |
| 040 ## - CATALOGING SOURCE | |
| Transcribing agency | CRL |
| Original cataloging agency | CRL |
| 041 ## - LANGUAGE CODE | |
| Source of code | hin |
| Language code of text/sound track or separate title | hin |
| 084 ## - COLON CLASSIFICATION NUMBER | |
| Classification number | Q8441:33 152R1.1-.2 (RR) |
| Assigning agency | CRL |
| 100 ## - MAIN ENTRY--PERSONAL NAME | |
| Personal name | सिंह, बख्शीश |
| 9 (RLIN) | 862702 |
| 245 ## - TITLE STATEMENT | |
| Title | श्री गुरु नानक वाणी |
| 260 ## - PUBLICATION, DISTRIBUTION, ETC. | |
| Place of publication, distribution, etc. | नई दिल्ली, भारत: |
| Name of publisher, distributor, etc. | सस्ता साहित्य मण्डल प्रकाशन, |
| Date of publication, distribution, etc. | 2021. |
| 300 ## - PHYSICAL DESCRIPTION | |
| Extent | भाग 1 (1-539पृ.), भाग 2 (1-443पृ.) |
| 365 ## - TRADE PRICE | |
| Price amount | Vol. 1 - 350.00 |
| Currency code | INR |
| 365 ## - TRADE PRICE | |
| Price amount | Vol. 2 - 300.00 |
| Currency code | INR |
| 440 ## - SERIES STATEMENT/ADDED ENTRY--TITLE | |
| Volume/sequential designation | भाग (1-2) |
| 650 ## - SUBJECT ADDED ENTRY--TOPICAL TERM | |
| Topical term or geographic name entry element | धर्म |
| 650 ## - SUBJECT ADDED ENTRY--TOPICAL TERM | |
| Topical term or geographic name entry element | गुरु नानक देव |
| 9 (RLIN) | 1131436 |
| 942 ## - ADDED ENTRY ELEMENTS (KOHA) | |
| Koha item type | Reference |
| Source of classification or shelving scheme | Colon Classification (CC) |
| Classification part | Q8441:33 152R1.1-.2 (RR) |
| Withdrawn status | Lost status | Source of classification or shelving scheme | Damaged status | Not for loan | Home library | Current library | Date acquired | Source of acquisition | Cost, normal purchase price | Serial Enumeration / chronology | Inventory number | Total Checkouts | Full call number | Barcode | Date last seen | Cost, replacement price | Price effective from | Koha item type |
|---|---|---|---|---|---|---|---|---|---|---|---|---|---|---|---|---|---|---|
| Colon Classification (CC) | Central Library | Central Library | 2026-02-04 | 108/ सस्ता साहित्य मंडल | 280.00 | भाग 1 | 950 & 2026-01-20 | Q8441:33 152R1.1 | CL1925784 | 2026-02-04 | 350.00 | 2026-02-04 | Reference | |||||
| Colon Classification (CC) | Central Library | Central Library | 2026-02-04 | 108/ सस्ता साहित्य मंडल | 240.00 | भाग - 2 | 953 & 2026-01-20 | Q8441:33 152R1.2 | CL1925785 | 2026-02-04 | 300.00 | 2026-02-04 | Reference |
